000 00336pab a2200145 454500
008 180718b2003 xxu||||| |||| 00| 0 eng d
100 _anath, ajit kumar
245 _athe quick brown fox jumps over
260 _c2003
300 _ap.3-89
362 _a20
650 _aurban
773 _aGovernment and Opposition
909 _a53500
999 _c53500
_d53500